UM Logo

A novel medium-voltage hybrid-cascaded DC—DC converter with DC fault-blocking capability and reduced switch capacity / (Record no. 19566)

MARC details
000 -LEADER
fixed length control field 00993nam a22002297a 4500
003 - CONTROL NUMBER IDENTIFIER
control field OSt
005 - DATE AND TIME OF LATEST TRANSACTION
control field 20250827110813.0
008 - FIXED-LENGTH DATA ELEMENTS--GENERAL INFORMATION
fixed length control field 240308b ||||| |||| 00| 0 eng d
040 ## - CATALOGING SOURCE
Transcribing agency 0
082 ## - DEWEY DECIMAL CLASSIFICATION NUMBER
Classification number DPer 621.317 Ie21 July 2022 v.37 n. 7
100 ## - MAIN ENTRY--PERSONAL NAME
Personal name Chen, Haiyu.
Relator term author.
9 (RLIN) 54193
245 ## - TITLE STATEMENT
Title A novel medium-voltage hybrid-cascaded DC—DC converter with DC fault-blocking capability and reduced switch capacity /
Statement of responsibility, etc. Haiyu Chen, Jinjun Liu, Sixing Du, Zhifeng Deng, and Cong Li
260 ## - PUBLICATION, DISTRIBUTION, ETC. (IMPRINT)
Place of publication, distribution, etc. New York ;
Name of publisher, distributor, etc. The Institute of Electrical and Electronics Engineers, Inc. ,
Date of publication, distribution, etc. July 2022.
300 ## - PHYSICAL DESCRIPTION
Extent volume 37, pages 8033-8044 :
Other physical details illustration ;
Dimensions 28 cm.
500 ## - GENERAL NOTE
General note <br/>IEEE Transactions on Power Electronics, vol. 37, no. 7, pages 8033-8044, July 2022.<br/>
700 ## - ADDED ENTRY--PERSONAL NAME
Personal name Chen, Haiyu.
Relator term author.
9 (RLIN) 54193
700 ## - ADDED ENTRY--PERSONAL NAME
Personal name Liu, Jinjun.
Relator term author.
9 (RLIN) 54194
700 ## - ADDED ENTRY--PERSONAL NAME
Personal name Du, Sixing.
Relator term author.
9 (RLIN) 54195
700 ## - ADDED ENTRY--PERSONAL NAME
Personal name Deng, Zhifeng.
Relator term author.
9 (RLIN) 54196
700 ## - ADDED ENTRY--PERSONAL NAME
Personal name Li, Cong.
Relator term author.
9 (RLIN) 54197
942 ## - ADDED ENTRY ELEMENTS (KOHA)
Source of classification or shelving scheme Dewey Decimal Classification
Koha item type Periodicals
Holdings
Withdrawn status Lost status Source of classification or shelving scheme Damaged status Not for loan Collection code Home library Current library Date acquired Total Checkouts Full call number Date last seen Price effective from Koha item type Public note
    Dewey Decimal Classification     Periodicals UM Digos College - LIC UM Digos College - LIC 03/08/2024   DPer 621.317 Ie21 July 2022 v.37 n. 7 03/08/2024 03/08/2024 Periodicals Periodical Article